000
00319nam a2200109Ia 4500
008
171211s9999 xx 000 0 und d
245
_a
Microarray Data Analysis: Methods and Applications
245
_c
Michael J. Korenberg
260
_c
2007
650
_x
Biology
856
_u
http://down.ebook777.com/061/1627039090.pdf
999
_c
350419
_d
350419